Countries with Fasted Internet Connection - Statistics

General Stats
  • This quiz has been taken 38 times
  • The average score is 7 of 9
Answer Stats
Speed Country % Correct
17.4 Japan
94%
26.7 South Korea
91%
16.1 Denmark
77%
16.6 Finland
77%
18.8 Norway
77%
19.1 Sweden
77%
16.7 Switzerland
71%
17.0 Netherlands
63%
16.7 Latvia
26%
No matching quizzes found
Score Distribution
Percent of People with Each Score
Percentile by Number Answered
Your Score History
You have not taken this quiz